000
00301nam a22001337a 4500
008
180103b xxu||||| |||| 00| 0 eng d
020
_a
0201005638
041
_a
eng
080
_a
338
100
_a
53
101
_a
MNG
245
_a
Building Decision Support Systems
_c
Bennet, J.L
942
_2
udc
_c
BK
999
_c
39602
_d
39602